Bullet From A Gun - Skepta (Full lyrics) - Statistics

General Stats
  • This quiz has been taken 9 times
  • The average score is 223 of 476
Answer Stats
Lyrics % Correct
a
100%
A
100%
bullet
100%
burns
100%
from
100%
girl
100%
gun,
100%
I
100%
it
100%
It
100%
Like
100%
like
100%
never
100%
turn
100%
you
100%
You
100%
your
100%
Your
100%
J
86%
real
86%
realise
86%
she
86%
us
86%
was
86%
When
86%
"When
86%
just
71%
as
57%
be
57%
Don't
57%
don't
57%
how
57%
much
57%
See,
57%
see
57%
time
57%
already
43%
and
43%
And
43%
Been
43%
been
43%
bend,
43%
concerned
43%
dead
43%
demons
43%
earn
43%
face
43%
fear,
43%
fold
43%
Fuck
43%
got
43%
gotta
43%
Gotta
43%
granddad's
43%
gravestone
43%
here
43%
home
43%
is
43%
it's
43%
matter
43%
mine,
43%
money
43%
mum
43%
my
43%
name
43%
niggas
43%
no
43%
not
43%
Nothin'
43%
oh,
43%
on
43%
palm
43%
same
43%
saw
43%
shit
43%
Shout
43%
sippin'
43%
SK
43%
so
43%
the
43%
The
43%
Then
43%
to
43%
To
43%
way
43%
we
43%
We
43%
we're
43%
weren't
43%
wine
43%
4L
29%
67,
29%
about
29%
action
29%
ain't
29%
all
29%
All
29%
Another
29%
another
29%
are
29%
at
29%
bagga
29%
bare
29%
believe
29%
better
29%
Big
29%
boy,
29%
bus
29%
But
29%
Can't
29%
can't
29%
'Cause
29%
chat,
29%
Chief
29%
city,
29%
cops
29%
cot,
29%
count
29%
course
29%
dad
29%
day,
29%
discussed,
29%
distraction
29%
dust"
29%
easy
29%
"Eat
29%
'em,
29%
even
29%
Every
29%
fam
29%
feeling
29%
feelings
29%
fight
29%
for
29%
Forget
29%
found
29%
freedom
29%
full
29%
get
29%
gettin'
29%
Gold
29%
has
29%
have
29%
Have
29%
Headie,
29%
heart?
29%
heat
29%
hurt
29%
Hus
29%
I'm
29%
in
29%
I've
29%
kicked
29%
kingpin
29%
kitchen
29%
know
29%
learned
29%
learnin'
29%
Lessons
29%
life
29%
likes
29%
little
29%
livin'
29%
lookin'
29%
lost
29%
lot
29%
made
29%
Man
29%
many
29%
me
29%
means
29%
mirror
29%
must
29%
next?
29%
next
29%
nudes
29%
of
29%
old
29%
online
29%
pause
29%
plans
29%
Platinum,
29%
play
29%
police,
29%
power
29%
Put
29%
put
29%
raised
29%
reaction
29%
really
29%
Recently,
29%
'round
29%
'round,
29%
rush
29%
sad
29%
safe,
29%
said
29%
sauce
29%
seein'
29%
Sendin'
29%
sex
29%
Silver,
29%
sold
29%
song
29%
spins
29%
still
29%
story,
29%
Supermodels
29%
talkin'
29%
tell
29%
temptation,
29%
text
29%
Than
29%
them
29%
there's
29%
these
29%
this
29%
This
29%
told
29%
top
29%
tour,
29%
trollin'
29%
Truth
29%
tryna
29%
used
29%
vexed
29%
victim
29%
weed
29%
went
29%
what
29%
what's
29%
with
29%
world
29%
write
29%
Yeah,
29%
young
29%
askin',
14%
bored
14%
bust
14%
calm
14%
confer
14%
conversate
14%
Dick
14%
done
14%
Feds
14%
follow
14%
gone
14%
gonna
14%
had
14%
Lancey,
14%
laugh
14%
need
14%
one,
14%
opps
14%
or
14%
out
14%
outside,
14%
push
14%
ridin’
14%
some
14%
stop?"
14%
that's
14%
today,
14%
tomorrow
14%
too
14%
want
14%
work,
14%
year
14%
No matching quizzes found
Score Distribution
Percent of People with Each Score
Percentile by Number Answered
Your Score History
You have not taken this quiz